| 000 | 00758nam a2200241 a 4500 | ||
|---|---|---|---|
| 001 | 000023458 | ||
| 005 | 20200930022231.0 | ||
| 008 | 101208s1990 sp r 000 f spa d | ||
| 020 | _a8477302219 | ||
| 040 |
_aDO-SdBNP _bspa _cBNPHU |
||
| 041 | 1 | 7 |
_aspa _hger _2Código de idiomas MARC |
| 082 |
_a833.914 _bL756a |
||
| 100 | 1 |
_aLink, Charlotte, _d1963 _948339 |
|
| 240 | 1 | 0 |
_aSturmzeit. _lEspañol. |
| 245 | 1 | 0 |
_aAños tempestuosos / _cCharlotte Link ; traducción, Herminia Dauer. |
| 260 |
_aBarcelona : _bVidorama, _c1990. |
||
| 300 |
_a473 p. ; _c19 cm. |
||
| 534 |
_pTítulo original en alemán: _tSturmzeit. _c1989 |
||
| 650 | 4 |
_aNovela alemana _93302 |
|
| 650 | 4 |
_aLiteratura alemana _93274 |
|
| 700 | 1 |
_aDauer, Herminia, _etr. _948340 |
|
| 049 | _aBNGR | ||
| 999 |
_c22954 _d22954 |
||